01409nam a2200337 a 4500001001100000003000800011006001900019007001500038008004100053010001700094020001800111020002800129040002100157035002100178050002400199082001500223100002800238245007900266260004700345300001700392490005400409504006600463533015200529600006000681600005800741650005800799655002900857710001700886830004300903856012500946ebr5003999CaPaEBRm u cr cn|||||||||991201s2000 ctu sb 001 0 eng  z 99058877  z9780313007309 z0313307474 (alk. paper) aCaPaEBRcCaPaEBR a(OCoLC)56781064814aPR4036b.T38 2000eb04a823/.72211 aTeachman, Debra,d1955-10aStudent companion to Jane Austenh[electronic resource] /cDebra Teachman. aWestport, Conn. :bGreenwood Press,c2000. aviii, 160 p.1 aStudent companions to classic writers,x1522-7979 aIncludes bibliographical references (p. [149]-154) and index. aElectronic reproduction.bPalo Alto, Calif. :cebrary,d2013.nAvailable via World Wide Web.nAccess may be limited to ebrary affiliated libraries.10aAusten, Jane,d1775-1817xCriticism and interpretation.10aAusten, Jane,d1775-1817xExaminationsvStudy guides. 0aWomen and literaturezEnglandxHistoryy19th century. 7aElectronic books.2local2 aebrary, Inc. 0aStudent companions to classic writers.40uhttp://site.ebrary.com/lib/rucke/Doc?id=5003999zAn electronic book accessible through the World Wide Web; click to view